00620nam a22002177a 45000010005000000030009000050050017000140070005000310080032000360200018000680400022000860820028001081000036001362450059001722600035002313000022002664900045002886500021003336500024003546500024003780074DO-SdBNP20230703123644.00074151116b2009 sp 00| 0 spa d a9788497643658 aBPMSUbspacBPMSU 4a823.91 bD754a 20092221 aConan Doyle, Arthur,41859-193014aLas aventuras de Sherloch Holmes /cArthur Conan Doyle aMadrid :bEdimat Libros,c2009 a188 p. ;c19 cm.0 aClásicos de la literatura ;aNarrativa 4aNovela inglesa  4aNovela de aventuras 4aLiteratura inglesa